| 000 | 00000nam##2200000za#4500 |
| 001 | 9.631179 |
| 003 | CaOODSP |
| 005 | 20210624214218 |
| 007 | cr ||||||||||| |
| 008 | 150407|2001||||xxc|||||o f|0| 0 fre|d |
| 020 | |a0-662-75006-3 |
| 040 | |aCaOODSP|bfre |
| 043 | |an-cn--- |
| 086 | 1 |aH44-54/2003F-PDF |
| 110 | 1 |aCanada. |bSanté Canada. |
| 245 | 10|aPromotion et mesures de soutien d'une saine alimentation : |h[ressource électronique]|bpremier survol des lacunes au niveau des connaissances et des besoins en matière de recherche - rapport sommaire / |cpar Diane McAmmond and Associates. |
| 260 | |aOttawa - Ontario : |bSanté Canada |cMars 2001. |
| 300 | |a8p. |
| 590 | |a14-14-Supp|b2014-07-24 |
| 691 | 07|aAlimentation|2gcpds |
| 691 | 07|aPromotion de la santé|2gcpds |
| 775 | 08|tPromotion and support of healthy eating : |w(CaOODSP)9.686716 |
| 856 | 40|ahttp://publications.gc.ca|qPDF|s129 Ko|uhttps://publications.gc.ca/collections/collection_2014/sc-hc/H44-54-2003-fra.pdf |